| 000 | 01748cam a22003974i 4500 | ||
|---|---|---|---|
| 003 | PE-LiUPU | ||
| 005 | 20250731175629.0 | ||
| 008 | 150623s1985 nyua r 000 0 eng d | ||
| 020 | _a0198154062 | ||
| 035 | _a(Sirsi) i9780198154068 | ||
| 040 |
_aPE-LiUPU _bspa _cPE-LiUPU _erda |
||
| 049 | _aPRUA | ||
| 082 | 0 | 4 |
_a492.415 _bG34 _221 |
| 245 | 0 | 0 |
_aGesenius' Hebrew grammar / _ced. E. Kautzsch. |
| 250 | _a2a edición. | ||
| 264 | 1 |
_aNew York, NY : _bClarendon Press, _c1985. |
|
| 300 |
_a616 páginas : _bilustraciones ; _c22 centímetros |
||
| 336 |
_atext _2rdacontent |
||
| 337 |
_aunmediated _2rdamedia |
||
| 338 |
_avolume _2rdacarrier |
||
| 505 | 0 | _aElementary principles, or the sounds and characters: The individual sounds and characters -- Peculiarities and changes of letters, the syllble and the tone. Etymology, or the parts of speech: The pronoun -- The verb. -The noun. -The particles. Syntax: The parts of speech -- Syntax of the noun -- Syntax of the pronoun. The sentence: The sentence in general -- Special kinds of sentences. | |
| 526 | _aP145 | ||
| 526 | _aP127 | ||
| 526 | _aP97 | ||
| 526 | _aP35 | ||
| 526 | _aP14 | ||
| 526 | _aP07 | ||
| 650 | 0 | 4 |
_aHebreo bíblico _xGramática. |
| 700 | 1 |
_aKautzsch, E., _eeditor. |
|
| 942 |
_2ddc _cBOOK |
||
| 949 |
_a492.415 G34 _wDEWEY _c1 _i52163 _d2016-4-11 _e2016-4-6 _lCCODEBUL1 _mBUL _n1 _p20.00 _r0 _sY _tBOOK _u2015-6-24 _xTEOLOGIA _PP35 _0COMPRA _o.STAFF. Colección General |
||
| 994 |
_aC0 _bPEPRU |
||
| 596 | _a1 | ||
| 999 |
_a492.415 G34 _wDEWEY _c33970 _i52163 _d33970 _e2019-2-4 _f2021-11-11 _g5 _lCCODEBUL1 _mBUL _n2 _p20.00 _q5 _r0 _sY _tBOOK _u2015-6-24 _xTEOLOGIA _PP35 _0COMPRA _o.STAFF. Colección Teología |
||
| 980 |
_81 _gALBERTO SANCHEZ Responsable de Automatización |
||